Homeward: life in the year after prison

Saved in:  
Bibliographic Details
Main Author: Western, Bruce 1964- (Author)
Format: Print Book
Language:English
Published: New York, NY Russell Sage Foundation [2018]
In:Year: 2018
Online Access: Table of Contents
Check availability: HBZ Gateway
Subito Delivery Service: Order now.
Keywords:

MARC

LEADER 00000cam a2200000 c 4500
001 1645351165
003 DE-627
005 20260206151515.0
007 tu
008 190109s2018 xxu||||| 00| ||eng c
010 |a  2017045104 
020 |a 9780871549556  |c Broschur  |9 978-0-87154-955-6 
020 |a 0871549557  |9 0-87154-955-7 
035 |a (DE-627)1645351165 
035 |a (DE-603)446288950 
035 |a (DE-576)516052470 
035 |a (DE-599)BSZ516052470 
040 |a DE-627  |b ger  |c DE-627  |e rda 
041 |a eng 
044 |c XD-US 
050 0 |a HV9275 
082 0 |a 364.80973 
084 |a 2,1  |2 ssgn 
084 |a MS 6470  |2 rvk  |0 (DE-625)rvk/123756: 
084 |a MS 1235  |2 rvk  |0 (DE-625)rvk/123576: 
100 1 |a Western, Bruce  |d 1964-  |e VerfasserIn  |0 (DE-588)13327747X  |0 (DE-627)539655406  |0 (DE-576)299743403  |4 aut 
109 |a Western, Bruce 1964- 
245 1 0 |a Homeward  |b life in the year after prison  |c Bruce Western 
264 1 |a New York, NY  |b Russell Sage Foundation  |c [2018] 
264 4 |c © 2018 
300 |a xvii, 216 Seiten  |b Illustrationen 
336 |a Text  |b txt  |2 rdacontent 
337 |a ohne Hilfsmittel zu benutzen  |b n  |2 rdamedia 
338 |a Band  |b nc  |2 rdacarrier 
500 |a Literaturverzeichnis Seite 199-210 
650 0 |a Ex-convicts  |x Social conditions  |x United States 
650 0 |a Imprisonment  |x United States 
650 0 |a Ex-convicts  |x Social conditions 
650 0 |a Imprisonment 
650 0 |a Prisoners  |x Deinstitutionalization  |x United States 
650 0 7 |0 (DE-588)4057786-7  |0 (DE-627)10454080X  |0 (DE-576)209123702  |a Strafentlassener  |2 gnd 
650 0 7 |0 (DE-588)4077575-6  |0 (DE-627)104152044  |0 (DE-576)209205709  |a Soziale Situation  |2 gnd 
651 7 |0 (DE-588)4078704-7  |0 (DE-627)106076612  |0 (DE-576)209209682  |a Usa  |2 gnd 
776 1 |z 9781610448710  |c (ebook) 
787 0 8 |i Rezensiert in  |a Bell, Marina  |t [Rezension von: Western, Bruce, 1964-, Homeward]  |d 2020  |w (DE-627)1747153966 
787 0 8 |i Rezensiert in  |a Werth, Robert  |t [Rezension von: Western, Bruce, 1964-, Homeward]  |d 2022  |w (DE-627)1796953245 
856 4 2 |u https://swbplus.bsz-bw.de/bsz1645351165inh.htm  |m B:V:DE-576  |m B:B:DE-Frei85  |q application/pdf  |v 20190523165809  |x Verlag  |3 Inhaltsverzeichnis  |7 1 
935 |a MZUSA 
936 r v |a MS 6470  |b Sozialarbeit; Hilfsorganisation, Rehabilitation, Sozialpädagogik, Resozialisierung, Bewährungshilfe  |k Soziologie  |k Spezielle Soziologien  |k Soziale Probleme  |k Sozialarbeit; Hilfsorganisation, Rehabilitation, Sozialpädagogik, Resozialisierung, Bewährungshilfe  |0 (DE-627)1270651951  |0 (DE-625)rvk/123756:  |0 (DE-576)200651951 
936 r v |a MS 1235  |b Nordamerika  |k Soziologie  |k Spezielle Soziologien  |k Analysen einzelner Länder  |k Außereuropa  |k Nordamerika  |0 (DE-627)1271132982  |0 (DE-625)rvk/123576:  |0 (DE-576)201132982 
936 s n |a m200  |2 mzub 
951 |a BO 
ELC |b 1 
LOK |0 000 xxxxxcx a22 zn 4500 
LOK |0 001 3313765165 
LOK |0 003 DE-627 
LOK |0 004 1645351165 
LOK |0 005 20190520113558 
LOK |0 008 190109||||||||||||||||ger||||||| 
LOK |0 040   |a DE-Frei85  |c DE-627  |d DE-Frei85 
LOK |0 852   |a DE-Frei85 
LOK |0 852 1  |m p  |9 00 
LOK |0 938   |k p 
LOK |0 939   |a 09-01-19  |b l01 
ORI |a SA-MARC-krimdoka001.raw